000 00604cam a22002053a 4500
001 44463
003 PGUSA
005 20140828084020.0
008 131218s2013||||xxu|||||s|||||000 | eng d
040 _aPGUSA
_beng
042 _adc
100 1 _aHolt, Emily Sarah,
_d1836-1893
245 1 0 _aRed and White :
_bA Tale of the Wars of the Roses
_h[electronic resource] /
_cEmily Sarah Holt
260 _bProject Gutenberg,
_c2013
506 _aPublic domain in the USA.
516 _aElectronic text
830 0 _aProject Gutenberg
_v44463
856 4 0 _uhttp://www.gutenberg.org/ebooks/44463
942 _cEB
999 _c273714
_d273714